[Event "Dallas UTD"]
[Site "Dallas"]
[Date "2004.12.09"]
[Round "3"]
[White "Schneider, Dmitry"]
[Black "Shulman, Yuri"]
[Result "0-1"]
[WhiteElo "2453"]
[BlackElo "2549"]
[Annotator "Ribli,Z"]
[PlyCount "104"]
[EventDate "2004.12.07"]
[EventType "tourn"]
[EventRounds "9"]
[EventCountry "USA"]
[EventCategory "10"]
[SourceTitle "CBM 105"]
[Source "ChessBase"]
[SourceDate "2005.04.11"]
[SourceVersion "1"]
[SourceVersionDate "2005.04.11"]
[SourceQuality "1"]

1. e4 c5 2. Nf3 e6 3. d4 cxd4 4. Nxd4 Nc6 5. Nc3 Qc7 6. Be3 a6 7. Qd2 Nf6 8. f3
{f2-f3 ist eine natürliche Fortsetzung, jedoch erscheint mir die Alternative 8.
0-0-0 angebrachter} Bb4 {Mit diesem Zug geht Schwarz in die Hauptvariante über,
jedoch wäre 8...Ne5! präziser.} (8... Ne5 $1 9. O-O-O b5 10. g4 h6 $13) 9.
O-O-O Na5 {Dies ist Anand's beliebte Fortsetzung.} 10. Nb3 (10. Bf2 $5 $146 {
[%cal Gf2e1,Gf2g3]} Bxc3 11. Qxc3 Qxc3 12. bxc3 {[%csl Yb6,Yd6,Gf2]} d5 13.
exd5 Nxd5 14. c4 $1 $14 {1-0 Motylev,A-Xu Jun/Moscow 2004/CBM 103/[Ribli] (36)}
) (10. Kb1) 10... d5 (10... Nxb3+ 11. axb3 d5 12. exd5 Nxd5 13. Bd4 Qa5 14. Kb1
O-O 15. Bc4 Bxc3 16. bxc3 Ne7 {[%cal Ge7c6,Gc6d4]} 17. Qf2 $14 {[%cal Gd4c5,
Gc5f8,Gc5b6,Gb6a5] 0-1 Akopian,V-Anand,V/Moscow 2004/CBM 102/[Ribli] (45)}) 11.
Kb1 {0-0-0 ist die übliche Fortsetzung, jedoch muss Schwarz mit Nc3-b5 rechnen,
da die Dame auf d2 nicht mit Schachgebot geschlagen werden kann.} (11. Bf4
Nxb3+ 12. cxb3 Qa5 (12... e5 $5 13. Bg3 O-O $1 (13... d4 $2 14. Qxd4 exd4 15.
Bxc7 $18) (13... Be6 14. Qg5 $5 Bxc3 15. bxc3 Qxc3+ 16. Kb1 Rc8 17. Bd3 dxe4
18. Bxe5 h6 $1 19. Qf4 Qa5 $13) 14. exd5 Rd8 $1 $44) 13. e5 Nd7 14. a3 Be7 (
14... Bxc3 15. Qxc3 Qxc3+ 16. bxc3 $14) 15. Kb1 b5 16. b4 Qd8 17. Ne2 Nb6 18.
Nd4 Bd7 19. b3 {1-0 Topalov,V-Anand,V/Monaco 2004/CBM 99 ext (61)}) 11... Nxb3
(11... Bxc3 12. bxc3 (12. Qxc3 $6 Qxc3 13. bxc3 Nxb3 (13... Nc6 $5) 14. cxb3
dxe4 $132) 12... h6 (12... Nc4 $6 13. Bxc4 dxc4 (13... Qxc4 14. Bd4 $1 $36) 14.
Bf4 Qd7 15. Qxd7+ Nxd7 (15... Bxd7 16. Na5 b5 17. Rd6 $1 $16) 16. Na5 b5 17.
Rd6 $14) 13. Bf4 e5 $1 14. Bxe5 Qxe5 15. Nxa5 Be6 16. Qd4 {1/2-1/2 Leko,
P-Anand,V/Wijk aan Zee 2004/CBM 99 (23)} Qc7 $1 $44) 12. axb3 dxe4 13. Nb5 Qe7
14. c3 (14. Nc7+ Qxc7 15. Qxb4 Nd5 16. Qxe4 Nxe3 17. Qxe3 Bd7 18. Qd4 e5 19.
Qb4 O-O-O {0-1 Topalov,V-Anand,V/Sofia BUL 2004/(42)}) 14... O-O (14... axb5
15. cxb4 exf3 $2 16. Bc5 $16) 15. cxb4 axb5 16. Bc5 {Mit diesem Zug gewinnt
Weiß die Qualität.} Qe8 17. Bxf8 (17. Qd6 Bd7 (17... exf3 18. Bxb5 $36 (18.
gxf3 Bd7)) 18. Qxf8+ Qxf8 19. Bxf8 Kxf8 20. fxe4 Bc6 $44) 17... Qxf8 18. fxe4 (
18. Bxb5 e5 19. fxe4 Nxe4 20. Qe1 Bf5 21. Bd3 Rd8 22. Rf1 Nf2 23. Rxf2 Bxd3+ {
1/2-1/2 Leko,P-Anand,V/Monaco 2004/CBM 99 ext (23)}) 18... e5 $44 {Eine
interessante Stellung - auf der b-Linie stehen drei weiße und zwei schwarze
Bauern. Schwarz besitzt einerseits ein harmonisches Figurenspiel, und zum
anderen ist die Kontrolle des schwarzen Turms über die a-Linie sehr gefährlich
für Weiß.} 19. Bd3 $6 {Die Verteidigung des weißen e4-Zentrumsbauern erscheint
auf den ersten Blick logisch, aber in dieser konkreten Stellung sollte man
nicht logisch spielen.} (19. Bxb5 $142 $1 {Dieser Zug folgte von Weiß in der
Partie Leko, P - Anand,V Monaco 2004 - mit Zugumstellung (dort spielte Weiß
erst 18.Lxb5 und nach 18...e5 den Zug 19.fxe4).}) 19... Be6 (19... Bg4 $44) 20.
Bc2 Bg4 21. Rc1 Qb8 {[%csl Ga8,Gb8,Gg4][%cal Rb8a7,Ra8a1][%mdl 2048] Schwarz
hat ausgezeichnetes Figurenspiel - der Zielpunkt ist der weiße König. Es droht
22...Qa7.} (21... Ra6) 22. Qe3 (22. Bd3 Qa7 $36) 22... Qd6 {[%cal Ra8a1,Rd6a6]
Die schwarze Dame kann nun die a-Linie erreichen.} 23. Qc3 Qa6 24. Bd3 Be6 $1 {
[%cal Ge6b3]} 25. Rhe1 h6 $1 {Mit kleinen Zügen verbessert Schwarz seine
Stellung.} (25... Ng4 $5 26. h3 Nf2 $44) 26. Bf1 Kh7 {[%csl Gh7] Der schwarze
König steht in Sicherheit, da Weiß immer mit dem Schachgebot auf a2 rechnen
muss.} 27. Qd3 Qa2+ 28. Kc2 {[#]} Bxb3+ $1 $17 (28... Rc8+ 29. Kd2 Qxb2+ 30.
Rc2 Rxc2+ 31. Qxc2 Qd4+ $44) 29. Qxb3 Rc8+ 30. Qc3 Rxc3+ 31. Kxc3 {[%csl Ga2,
Rc3] Weiß besitzt zwei Türme gegen die Dame und einen Bauern, was materiell
als augeglichen gilt. Das weiße Hauptproblem besteht jedoch in der exponierten
Stellung seines Königs; Schwarz besitzt vielseitige Drohungen und mindestens
Dauerschach.} Qa6 32. Bd3 Ne8 $1 {[%csl Yd4][%cal Ge8c7,Gc7e6,Ge6d4][%mdl 32]
Der schwarze Springer zielt auf das wichtige Feld d4, da der weiße Läufer auf
d3 keine ernstzunehmenden Aktivitäten entfalten kann.} 33. Kb3 Qa4+ (33... Qe6+
) 34. Kc3 Qa6 35. Kb3 Qe6+ 36. Ka3 Qd7 {[%cal Ge8c7,Gc7e6,Ge6d4] Die Dame geht
zurück, um dem Springer das Erreichen von d4 zu ermöglichen.} 37. Red1 Nc7 38.
Rc5 (38. Be2 Qe7 39. Rc5 $6 b6 40. Rc6 Ne6 $19) 38... Qd6 {[%cal Gc7a6,Ga6b4,
Ga6c5]} 39. Bc2 (39. Rcc1 $2 Na6 $19 {[%csl Rb4]}) 39... Qa6+ 40. Kb3 Qe6+ 41.
Ka3 Qa6+ 42. Kb3 Qe6+ 43. Ka3 Qe7 $1 {Schwarz kann nicht mit der
Zugwiederholung zufrieden sein.} 44. Rd3 b6 45. Rc6 Ne6 {[%csl Yd4,Ge6][%cal
Ge6d4]} 46. Ka2 Nd4 $19 {[%csl Gd4] Mit der Besetzung des Feldes d4 durch den
Springer entscheidet Schwarz die Partie für sich. Weiß kann sich nicht gegen
alle Drohungen verteidigen.} 47. Rcc3 Qxb4 48. Bb3 Qe7 (48... Nxb3 49. Rxb3
Qa4+ 50. Ra3 Qxe4 $17) 49. Bd5 b4 50. Rc8 Qa7+ 51. Kb1 Qa6 {[%cal Ra6c8,Ra6d3]}
52. Rc4 b3 {[%csl Rb1][%cal Ra6a2,Ra2b1]} 0-1

[Event "Moscow Aeroflot op-A"]
[Site "Moscow"]
[Date "2003.02.16"]
[Round "6"]
[White "Fressinet, Laurent"]
[Black "Rublevsky, Sergei"]
[Result "1/2-1/2"]
[WhiteElo "2593"]
[BlackElo "2644"]
[Annotator "Ribli,Z"]
[PlyCount "60"]
[EventDate "2003.02.10"]
[EventType "swiss"]
[EventRounds "9"]
[EventCountry "RUS"]
[SourceTitle "CBM 094"]
[Source "ChessBase"]
[SourceDate "2003.05.26"]
[SourceVersion "1"]
[SourceVersionDate "2003.05.26"]
[SourceQuality "1"]

1. e4 c5 2. Nf3 e6 3. d4 cxd4 4. Nxd4 Nc6 {Großmeister Rublevsky spielt gern
die Paulsen Variante mit 4...a6, diese Zugfolge ist deshalb eine kleine
Ueberraschung.} 5. Nc3 a6 6. Be3 (6. Nxc6 bxc6 7. Bd3) 6... Nf6 7. Bd3 Qc7 {
Die andere Moeglichkeit fuer Schwarz waere 7...d5, aber der Textzug scheint
mir elastischer.} (7... d5 8. exd5 exd5 9. Qd2 (9. Qe2 Be7 10. f3 O-O $11) (9.
O-O Bd6 10. h3) 9... Be7 10. h3 O-O 11. O-O-O $14) 8. O-O b5 {Das ist eine gut
spielbare Variante fuer Schwarz, wie 8...Ne5 auch. Die anderen Zuege sind hier
8...Nxd4, 8...Bd6 und 8...h5.} 9. Nxc6 (9. Qe2) 9... Qxc6 10. a3 {Weiß muss so
spielen, sonst kommt b5-b4.} Bb7 11. Qe2 (11. Re1) 11... Be7 12. f4 O-O 13. e5
(13. Qf3 Bc5 14. Kh1 Rac8 15. Bxc5 Qxc5 16. Qg3 d5 $1 17. e5 Ne4 18. Qh4 f5 19.
Ne2 d4 $15 20. Ng1 Nd2 21. Rf2 Nc4 {0-1 Khalifman,A-Salov,V/Wijk aan Zee 1994/
CBM 39/[Salov] (72)}) 13... Nd5 14. Nxd5 Qxd5 15. Rad1 {Gewoehnlich spielt
Weiß zuerst 15.c4.} (15. c4 bxc4 16. Bxc4 Qc6 17. Rac1 (17. b4 d5 18. exd6 Bxd6
19. Rac1 Qa4 20. Rc3 Qc6 21. Rfc1 Qd7 22. Rd3 Qe7 23. Rcd1 Rfd8 24. Bb6 Bc7 25.
Bc5 Qf6 26. Rd7 Rxd7 27. Rxd7 Qxf4 28. g3 Qc1+ 29. Qf1 Qxf1+ 30. Kxf1 Rc8 {
0-1 Clerides,P-Sulashvili,M/Batumi 2002/CBM 90/[Hecht] (62)}) 17... Bc5 18.
Bxc5 Qxc5+ 19. Qf2 Rfc8 20. Rc3 (20. Qxc5 Rxc5 21. b4 Rc7 22. Be2 Rac8 23. Rxc7
Rxc7 24. Rd1 g5 25. fxg5 Rc2 26. Rxd7 Rxe2 27. Rxb7 {1/2-1/2 Colovic,A-Sjoberg,
M/Panormo 2001/CBM 84 ext (47)}) 20... Qxc4 21. Rxc4 Rxc4 22. f5 Bd5 23. fxe6
Bxe6 24. h3 h6 {0-1 Morris,P-Petersen,P/Copenhagen 1992/EXT 2001 (47)}) (15.
Rfd1 Qc6 16. c4 bxc4 17. Bxc4 Bc5 18. Bxc5 Qxc5+ 19. Kh1 Rfc8 20. Rac1 a5 21.
Rc3 Qe7 $11 22. Qd2 Bc6 23. Rdc1 Rcb8 24. Bd3 {1/2-1/2 Hracek,Z-Lutz,C/Germany
2001/CBM 82 ext (24)}) 15... Qc6 {[%csl Gb7,Gc6][%cal Gb7g2] Weiß hat etwas
Raumvorteil, aber Schwarz kontrolliert sehr stark die Diagonale a8-h1, was
immer taktische Gegenchancen bietet.} 16. f5 f6 {Das ist ein typisches Motiv
in der Taimanow-Paulsen Variante - Mit diesem Bauernzug verteidigt sich
Schwarz gegen f5-f6.} 17. c4 (17. exf6 Bc5 18. Bxc5 Qxc5+ 19. Kh1 Rxf6 20. fxe6
Rxe6 21. Qg4 Rae8 22. Qh3 Rh6 23. Qxd7 Bxg2+ 24. Kxg2 Rxh2+ 25. Kxh2 Qe5+ 26.
Kg2 Qg5+ 27. Kh2 {1/2-1/2 Ataman,A-Ayaz,I/Kocaeli 2002/CBM 88 ext (27)}) 17...
bxc4 (17... Bc5 18. Bxc5 Qxc5+ 19. Kh1 bxc4 20. Bxc4 Bd5 21. Bxd5 exd5 22. exf6
Rxf6 23. Qe5 {1-0 Gligoric,S-Casabella,M/Santa Fe 1960/MCL (41)}) 18. Bxc4 Kh8
19. fxe6 dxe6 20. exf6 Rxf6 {[%csl Re6] Schwarz hat zwar einen isolierten
Bauern auf e6, aber das hat keine große Bedeutung, weil das die einzige
Schwächung in der schwarzen Stellung ist und durch die Aktivität der schwarzen
Figuren ( besonders die Batterie b7B-c6Q) völlig kompensiert wird .} 21. Rxf6
gxf6 $1 $11 {[%cal Ga8g8,Gg8g1][%mdl 32] Eine ausgezeichnete strategische Idee
- Schwarz bereitet Ra8-Rg8 vor, wonach er den g2-Punkt nochmals angreifen kann.
} (21... Bxf6 22. b3 Qe4 $11) 22. Bf4 {[%cal Gf4g3]} Rg8 {[%mdl 2048]} (22...
Rc8 $5 23. Bxe6 (23. b3 $2 Rg8 24. Bg3 Bxa3 $17) 23... Bc5+ 24. Kh1 Re8 25. Bh6
(25. Re1 $2 Rxe6 $19) 25... Bb6 (25... Rxe6 26. Rd8+ $18) 26. Qg4 Qxg2+ 27.
Qxg2 Bxg2+ 28. Kxg2 Rxe6 $11) 23. Bg3 Rd8 24. Rxd8+ Bxd8 {[%cal Gd8b6,Gb6g1,
Gb7g2]} 25. Kh1 (25. Bxe6 Bb6+ 26. Kh1 Qc1+ 27. Be1 (27. Qe1 $6 Qxb2 $15) 27...
Bd4 28. Bc4 Be5 29. b3 Qxa3 $11) 25... Bb6 26. b3 Bd4 27. Bf4 (27. Bxe6 Qc1+
28. Qe1 Qxa3 $11) 27... e5 $15 {[%csl Gd4][%cal Gb7h1] Die schwarze Figuren
stehen etwas aktiver und Schwarz kann seine Zentrumbauern mobilisieren.} 28.
Bg3 a5 29. Bh4 f5 30. Qf3 Kg7 {Nach meiner persoenlichen Meinung steht Schwarz
etwas aktiver, so konnte er also ruhig noch ein wenig weiterspielen.} (30...
Qxf3 $4 31. Bf6#) 1/2-1/2

[Event "Odorheiu Secuiesc zt"]
[Site "Odorheiu Secuiesc"]
[Date "1995.??.??"]
[Round "7"]
[White "Varga, Zoltan"]
[Black "Horvath, Csaba"]
[Result "1-0"]
[WhiteElo "2460"]
[BlackElo "2500"]
[Annotator "Ribli,Z"]
[PlyCount "57"]
[EventDate "1995.03.??"]
[EventType "swiss"]
[EventRounds "9"]
[EventCountry "ROU"]
[SourceTitle "CBM 047"]
[Source "ChessBase"]
[SourceDate "1995.08.01"]
[SourceVersion "1"]
[SourceVersionDate "1995.08.01"]
[SourceQuality "1"]

1. e4 {Marin} c5 2. Nf3 Nc6 3. d4 cxd4 4. Nxd4 Qc7 5. Nc3 e6 6. Be3 a6 7. Bd3
Nf6 8. O-O Ne5 9. h3 Bc5 10. Qe2 (10. Kh1 {Marin} d6 11. f4 Ned7 (11... Nc6 12.
e5 Nxe5 13. fxe5 dxe5 14. Bb5+ axb5 15. Ndxb5 Qc6 16. Bxc5 Qxc5 17. Nd6+ Ke7
18. Rxf6 gxf6 19. Nce4 Qd4 20. Qh5 Rf8 21. Rd1 Qe3 22. Qh4 Qf4 23. Qe1 Ra4 24.
Qc3 Rd4 25. Rxd4 Qf1+ 26. Kh2 exd4 27. Qc5 Kd7 28. Nb5 Qf4+ 29. g3 {1-0
Kasparov,G-Anand,W Tilburg 1991}) 12. a3 O-O 13. Qe1 Qb6 14. Qf2 e5 15. fxe5
dxe5 16. Nf5 Bxe3 17. Nxe3 Qxb2 {Kasparov,G-Ivanchuk,V/Novgorod/1994/} 18. Qd2
$1 Qb6 19. Nf5 $40 {Kasparov}) 10... d6 11. f4 Ng6 12. Rae1 O-O 13. Nb3 Bxe3+
14. Qxe3 b5 {Wir erreichen jetzt die Grundstellung der alten Hauptvariante.}
15. Nd4 (15. g4 $6 {Sieht gefaerhlich aus, aber wirklich ist nur ein Schlag
ins Wasser.} Qa7 $1 16. e5 dxe5 17. fxe5 Nd7 18. Bxg6 hxg6 $15 {Kavalek,
L-Timman,J/Prague/1990/CBM20/INF50,210/}) (15. e5 dxe5 16. fxe5 Nd7 17. Nd4 Bb7
$10 {Radulov,I-Marjanovic,S/Beograd/1982/INF34,241/}) 15... Qc5 $6 {Der erste
neue Zug, der keinen Glueck fuer den Nachziehenden bringt.} (15... b4 $1 16.
Nb1 e5 $1 17. fxe5 dxe5 18. Nf5 Nf4 $15 {Van den Berg,C-Langeweg,K/Wijk aan
Zee/1971/INF11,318/}) 16. e5 dxe5 17. fxe5 Nd7 18. Bxg6 hxg6 {[#]} 19. Ne4 $1
Qd5 $6 {Nach dieser schablonhaften (Dame auf lange-Diagonale) und fehlerhaften
Antwort erhaelt Weiss Angriffschancen gegen den Koenigfluegel.} (19... Qxe5 $5
{Nur dieser Zug bot Aussichten auf eine erfolgreiche Verteidigungchance.} 20.
Nc6 Qh5 (20... Qc7 $2 21. Ne7+ Kh8 22. Qg5 $18 (22. Rf4)) (20... Qxb2 21. Ne7+
Kh8 22. Rf4 $18 (22. Nd6 Nf6 23. Ndxc8 Raxc8 24. Nxc8 Rxc8 $44) 22... Nf6 23.
Rxf6) 21. Ne7+ Kh8 22. Nd6 {In Betracht kommt 22.Ng5!? Nf6 23.Qe5 auch.} (22.
Ng5 $5) 22... Nf6 23. Ndxc8 Raxc8 24. Nxc8 Rxc8 $14 {Schwarz hat einen Bauern
fuer die Qualitaet, der steht schlechter, aber er kann noch sehr hart kaempfen.
} (24... Rxc8 {Marin} 25. c3 $18)) 20. Ng5 {(/\Qe3-g3-h4)} Bb7 (20... Nxe5 21.
Qxe5 Qxe5 22. Rxe5 f6 23. Ngxe6 Bxe6 24. Rxe6 $18) 21. Rf2 {Jetzt deckt dieser
Turm den g2-Punkt, aber...} Rac8 22. Rd2 $1 {Aber gewinnt jetzt der Anziehende
einen Bauern mit seiner Drohung /\ Nde6.} Qxa2 $6 {Dieser Bauer war natuerlich
vergiftet. Schwarzer Zug verliert spektakulaer. Allerdings faellt es nicht
leicht, dem Nachziehenden einen guten Rat zu geben.} 23. Qg3 Rfd8 {Schwarz
will nach 24.Qh4 Nf8 spielen und alles sieht normal aus.} 24. Ndxe6 $1 {
Jetzt kommt Weiss mit vernichtendem Angriff.} fxe6 25. Qh4 Nf8 26. Rf2 Rd7 27.
Rxf8+ (27. Ref1 $5 {Schwarz kann das Matt 28.Rf8 und 29.Qh7 nicht verteidigen.}
) 27... Kxf8 28. Rf1+ Ke7 (28... Ke8 29. Qh8+ Ke7 30. Rf7#) 29. Nh7+ {Ribli} (
29. Nh7+ {Marin} Ke8 30. Rf8#) 1-0

[Event "Budapest FS04 GM-A"]
[Site "Budapest"]
[Date "2002.04.09"]
[Round "8"]
[White "Antal, Gergely"]
[Black "Fogarasi, Tibor"]
[Result "1-0"]
[WhiteElo "2457"]
[BlackElo "2445"]
[Annotator "Ribli,Z"]
[PlyCount "91"]
[EventDate "2002.04.02"]
[EventType "tourn"]
[EventRounds "13"]
[EventCountry "HUN"]
[EventCategory "9"]
[SourceTitle "CBM 089"]
[Source "ChessBase"]
[SourceDate "2002.08.12"]
[SourceVersion "1"]
[SourceVersionDate "2002.08.12"]
[SourceQuality "1"]

1. e4 c5 2. Nf3 Nc6 3. d4 cxd4 4. Nxd4 Qc7 5. Nc3 e6 6. Be3 a6 7. Bd3 {Das ist
eine Hauptfortsetzung in der Taimanov-Paulsen Variante. Weiß beabsichtigt,
eine starke Angriffsstellung aufzubauen.} Nf6 8. O-O Ne5 9. Nf3 {Dieser Zug
wird relativ selten gespielt - die Hauptfortsetzung lautet 9.h3.} Nfg4 (9...
Ng6) (9... d6) 10. Nxe5 (10. Bf4 Bd6 11. Nd4 Nxd3 12. Bxd6 Qxd6 13. Nf3 b5 14.
cxd3 Bb7 15. h3 Ne5 16. Nxe5 Qxe5 17. d4 Qf4 18. a3 Rc8 $11 19. Qd3 O-O 20.
Rad1 f5 {1/2-1/2 Timman,J-Ribli,Z/Reykjavik 1988/CBM 10 (51)}) 10... Nxe3 {
Dieser Zug macht auf mich einen besseren Eindruck als die Alternative 10...
Nxe5.} (10... Nxe5 $5 11. f4 (11. Qe2 Bc5 12. f4 Ng6 13. e5 d6 14. Bxg6 hxg6
15. Bxc5 Qxc5+ 16. Qf2 Qxf2+ 17. Rxf2 d5 18. a4 Bd7 {0-1 Komiagina,
M-Javakhishvili,L/Oropesa del Mar 2000/EXT 2001 (40)}) 11... Nc4 $1 12. Bxc4 $8
Qxc4 13. f5 Bc5 $1 14. Qd2 $6 $146 (14. Qf3 b5 $1 15. e5 $1 Bb7 $1 16. Qxb7
Bxe3+ 17. Kh1 O-O 18. f6 $40) 14... b5 15. b3 (15. Rad1 $5 O-O 16. b3 Bxe3+ 17.
Qxe3 Qc7 18. f6 $36) 15... Bxe3+ 16. Qxe3 Qc7 {Zhang,P-Fogarasi,T/Budapest 78/
(196) 2000/[Fogarasi,T] (22) Ribli.}) 11. Qh5 g6 (11... Nxf1 12. Qxf7+ Kd8 13.
Qh5 g6 14. Nxg6 Rg8 15. Nxf8 Qxh2+ 16. Qxh2 Nxh2 17. Nxe6+ dxe6 18. Kxh2 $14)
12. Qf3 Qxe5 13. fxe3 f6 {Den Textzug hatte ich in meiner Analyse der Partie
Ponomariov,R - Sadler,M Enghiens les Bains 1999, bereits vorgeschlagen.} (13...
Qg7 $2 14. Qf4 d6 15. e5 $1 dxe5 16. Qa4+ Bd7 17. Bb5 O-O-O $8 18. Rad1 $40 {
1/2-1/2 Ponomariov,R-Sadler,M/Enghien les Bains 1999/CBM 70/[Ribli] (44)}) (
13... f5 14. exf5 Bd6 15. g3 exf5 16. e4 $16) 14. Qxf6 Qxf6 15. Rxf6 Bg7 {
Weiß hat einen Bauern mehr, dafür ist seine Bauernstruktur aber nicht
berauschend. Schwarz hingegen sieht sich bei der Entwicklung (speziell des
Damenflügels) vor Problemen, dafür besitzt er aber das Läuferpaar.} 16. Rf3 {
Der Vorteil dieses Turmzugs ist, dass der Pe3 verteidigt ist.} (16. Rf2 b5 17.
Nd1 Bb7 18. c3 Ke7 19. Rd2 Bh6 20. a4 Bc6 21. axb5 axb5 22. Rxa8 Rxa8 23. Kf2
Ra4 24. Bc2 Ra2 25. Ke2 Bg7 {1/2-1/2 Dembo,Y-Szeberenyi,A/Budapest HUN 2002/
The Week in Chess 379 (40)}) (16. Rff1 b5 17. a4 b4 18. Ne2 Bh6 19. Rf3 a5 20.
Nd4 Bb7 21. Raf1 Ke7 22. Rf7+ Kd6 23. Kf2 Raf8 24. Ke2 Bc6 25. b3 Rxf7 26. Rxf7
Bg5 27. Bb5 e5 28. Bxc6 exd4 29. Bxd7 dxe3 {1/2-1/2 Hector,J-Handke,F/Fuerth
2000/EXT 2001 (42)}) 16... b5 17. a4 {[%mdl 4]} (17. Rb1 Bb7 18. Ne2 d5 19.
exd5 Bxd5 20. e4 Bxa2 21. Ra1 Bc4 22. Bxc4 bxc4 23. c3 Ke7 {1/2-1/2 De la Paz,
F-Bellon Lopez,J/Havana 2001/CBM 82 ext (41)}) 17... b4 (17... Bxc3 $6 18. bxc3
Bb7 19. axb5 axb5 20. Rxa8+ Bxa8 21. Bxb5 Bxe4 22. Rf4 $16) 18. Ne2 Bxb2 (18...
a5 19. Nd4 $14) 19. Rb1 Be5 {[%csl Ge5]} (19... Ba3 {Der Läufer steht
natürlich nicht gut auf a3, aber Weiß kann daraus nicht konkret Kapital
schlagen.}) 20. Rxb4 Rb8 $44 {Schwarz hat eine solide Stellung und das
Läuferpaar. Es ist nicht einfach zu ersehen, ob und wenn ja wie Weiß seine
Stellung verbessern kann.} 21. Rb3 (21. Rxb8 Bxb8 $44) 21... Ke7 22. Rf1 {
[%cal Gf1b1,Gb1b7]} Rxb3 (22... Bb7 23. Nd4 $14 (23. Rfb1 Bc6 24. Rxb8 Rxb8 25.
Rxb8 Bxb8 26. a5 Bc7 $11)) 23. cxb3 Bb7 24. Rc1 Bb8 (24... Rc8 25. Rxc8 Bxc8
$44) 25. Nd4 Rc8 26. Rxc8 Bxc8 {[%mdl 4096]} 27. b4 Bd6 28. b5 a5 $6 {Durch
den Textzug bekommt Weiß einen gedeckten Freibauern auf b5. Es wäre besser,
das Material mit 28...axb5 zu reduzieren.} (28... axb5 $142 29. axb5 (29. Bxb5
Bb7 30. Bd3 Bc7 31. Nb3 Bc6 32. a5 Ba4 33. a6 Bb6 34. Nd4 e5 $11) (29. Nxb5 Bc5
30. Kf2 Ba6 $11) 29... Bc5 $44 {[%cal Gc5b6]}) 29. Be2 $14 Bb7 30. Bf3 {
Es droht 31.e5 mit Figurengewinn.} e5 31. Nb3 Bb4 {[%csl Gb4]} 32. Kf2 d6 33.
Ke2 Bc8 {[%cal Gc8e6,Ge6b3]} 34. Kd3 Be6 35. Nd2 Kd7 (35... Bxd2 $142 $1 36.
Kxd2 Kd7 $14 {[%cal Gd7c7,Gc7b6] Weiß hat zwar einen Merhbauern, aber seine
Bauernkette auf a4-b3 ist angreifbar.}) 36. Bd1 Kc7 $2 (36... Bxd2 $142 $1 37.
Kxd2 Kc7 $14) 37. Bb3 $1 $16 Bxd2 38. Bxe6 {Gewöhnlich bieten ungleichfarbige
Läuferendspiele gute Rettungschancen für den Verteidiger, hier aber sind die
ungleichfarbigen Läufer von Vorteil für Weiß. Denn der schwarze Läufer kann
das Eindringen des weißen Königs nicht verhindern.} Bc1 39. h4 $1 h6 40. g4 Ba3
41. Bf7 g5 42. h5 $1 $18 {[%csl Rh6] Der Ph6 ist schwach. In der Folge gelangt
Weiß mit seinem König über c4-d5 in die schwarze Stellung, und Schwarz kann
sich nicht gegen den b-Bauern und gegen den Marsch des weißen Königs nach h6
verteidigen.} Bc5 43. Kc4 Bxe3 44. Kd5 Bc5 (44... Kd7 45. Be6+ Ke7 (45... Kc7
46. Bf5 $18 {[%cal Gd5e6,Ge6f7,Gf7g6]}) 46. Bf5 $18 {[%cal Gd5c6]}) 45. Ke6 Kd8
46. Kf6 1-0